000
00200 a2200097 4500
001
35070
100
_a
BAT Jim Bates
245
_a
Parachuting
260
_a
USA
_b
Tab Books
_c
090
_c
23218
_d
23218
942
_a
NUST-CAE
_c
M
_c
14690
999
_c
270143
_d
270143